000 00408nam a2200157Ia 4500
008 220216s9999 xx 000 0 und d
245 0 _aNew developments in tyre technology
260 _bAutomotive Rubber Trends
_c1999
300 _a64-81
650 _aIntelligent tyre
650 _aRun-flat tyres
650 _aSafety tyres
650 _aTyre manufacturing
650 _aTyre technology
942 _cJS
999 _c63792
_d63792